LEADER 01328nam a2200361 i 4500 001 991000921469707536 005 20020507175913.0 008 961205s1975 de ||| | ger 020 $a354007404X 035 $ab1077614x-39ule_inst 035 $aLE01304356$9ExL 040 $aDip.to Matematica$beng 082 0 $a510.8 084 $aAMS 26B99 100 1 $aReimann, Hans Martin$0441264 245 10$aFunktionen beschränkter mittlerer Oszillation /$cHans Martin Reimann, Thomas Rychener 260 $aBerlin :$bSpringer-Verlag,$c1975 300 $avi, 141 p. :$bill. ;$c25 cm 490 1 $aLecture notes in mathematics,$x0075-8434 ;$v487 500 $aIncludes index 504 $aBibliography: p. [134]-138 650 0$aDuality theory 650 0$aFunctions 650 0$aFunctions of several variables 650 0$aPotential theory 650 0$aQuasiconformal mappings 700 1 $aRychener, Thomas$eauthor$4http://id.loc.gov/vocabulary/relators/aut$058558 907 $a.b1077614x$b29-07-19$c28-06-02 912 $a991000921469707536 945 $aLE013 26B REI11 (1975)$g1$i2013000066967$lle013$o-$pE0.00$q-$rl$s- $t0$u0$v0$w0$x0$y.i10875037$z28-06-02 996 $aFunktionen beschrankter mittlerer oszillation$980884 997 $aUNISALENTO 998 $ale013$b01-01-96$cm$da $e-$fger$gde $h0$i1 LEADER 02370nam 2200877zu 450 001 9910153358703321 005 20210803235946.0 010 $a2-336-36056-X 010 $a2-336-71067-6 035 $a(CKB)3810000000043496 035 $a(SSID)ssj0001683017 035 $a(PQKBManifestationID)16508344 035 $a(PQKBTitleCode)TC0001683017 035 $a(PQKBWorkID)15037211 035 $a(PQKB)11529489 035 $a(PPN)192348922 035 $a(EXLCZ)993810000000043496 100 $a20160829d2014 uy 101 0 $afre 181 $ctxt 182 $cc 183 $acr 200 10$aCaractéristiques dento-crânio-faciales des Homininés 210 31$a[Place of publication not identified]$cL'Harmattan$d2014 300 $aBibliographic Level Mode of Issuance: Monograph 311 $a2-343-04532-1 606 $aFacial Bones 606 $aPaleodontology 606 $aHominidae 606 $aPaleontology 606 $aSkull 606 $aCatarrhini 606 $aAnthropology, Physical 606 $aHaplorhini 606 $aBone and Bones 606 $aAnthropology 606 $aPrimates 606 $aSkeleton 606 $aMammals 606 $aSocial Sciences 606 $aMusculoskeletal System 606 $aAnatomy 606 $aAnthropology, Education, Sociology and Social Phenomena 606 $aVertebrates 606 $aChordata 606 $aAnimals 606 $aEukaryota 606 $aOrganisms 615 2$aFacial Bones. 615 2$aPaleodontology. 615 2$aHominidae. 615 2$aPaleontology. 615 2$aSkull. 615 2$aCatarrhini. 615 2$aAnthropology, Physical. 615 2$aHaplorhini. 615 2$aBone and Bones. 615 2$aAnthropology. 615 2$aPrimates. 615 2$aSkeleton. 615 2$aMammals. 615 2$aSocial Sciences. 615 2$aMusculoskeletal System. 615 2$aAnatomy. 615 2$aAnthropology, Education, Sociology and Social Phenomena 615 2$aVertebrates. 615 2$aChordata. 615 2$aAnimals. 615 2$aEukaryota. 615 2$aOrganisms 700 $aCombes Fruitet$b Elsa$01077715 801 0$bPQKB 906 $aBOOK 912 $a9910153358703321 996 $aCaractéristiques dento-crânio-faciales des Homininés$92589060 997 $aUNINA